Marvel Quiz - Statistics

General Stats
  • This quiz has been taken 407 times
    390 since last reset
  • The average score is 33 of 70
Answer Stats
Heros % Correct
Iron Man
98%
Captain America
95%
Hulk
92%
Thor
91%
Black Widow
90%
Spider-man
88%
Wolverine
87%
Hawkeye
85%
Black Panther
77%
Ant-Man
71%
Scarlet Witch
70%
Cyclops
68%
Charles Xavier
67%
Storm
65%
Quicksilver
64%
Star-Lord
63%
Daredevil
62%
Falcon
62%
Gamora
62%
Groot
62%
Human Torch
62%
Deadpool
61%
Mr. Fantastic
60%
Ben Grimm
58%
Drax
58%
Wasp
58%
Invisible Woman
57%
Jean Grey
57%
War Machine
56%
Vision
55%
Beast
54%
Dr. Strange
52%
Iceman
49%
Magneto
47%
Nick Fury
46%
Iron Fist
45%
Rogue
45%
She Hulk
44%
Colossus
42%
Luke Cage
42%
NightCrawler
42%
Rocket Raccoon
42%
Punisher
41%
Ghost Rider
40%
Gambit
39%
Angel
38%
Spider-Woman
38%
Silver Surfer
37%
Elektra
36%
Blade
34%
Venom
32%
Moon Knight
29%
Cable
28%
Kitty Pryde
27%
Havok
24%
Emma Frost
22%
Jubilee
22%
Banshee
20%
Bishop
19%
Psylocke
19%
X-23
16%
Cloak
12%
Dagger
12%
Illyana Rasputin
12%
Domino
10%
Miss Marvel
10%
Stan Lee
9%
Sunfire
6%
Forge
4%
Long Shot
3%
No matching quizzes found
Score Distribution
Percent of People with Each Score
Percentile by Number Answered
Your Score History
You have not taken this quiz since the last reset